The anatomy of human destructiveness

保存先:
書誌詳細
第一著者: Fromm, Erich
フォーマット: 図書
言語:Undetermined
出版事項: NewYork Pengiun Books 1973
主題:
タグ: タグ追加
タグなし, このレコードへの初めてのタグを付けませんか!
Thư viện lưu trữ: Trung tâm Học liệu Trường Đại học Cần Thơ
LEADER 00477nam a2200181Ia 4500
001 CTU_89306
008 210402s9999 xx 000 0 und d
082 |a 152.5 
082 |b F932 
100 |a Fromm, Erich 
245 4 |a The anatomy of human destructiveness 
245 0 |c Erich Fromm 
260 |a NewYork 
260 |b Pengiun Books 
260 |c 1973 
650 |a Aggressiveness,Violence 
904 |i Nguyên 
980 |a Trung tâm Học liệu Trường Đại học Cần Thơ